000 00265 a2200121 4500
245 _aStatistics for Managers
_hText
020 _a9780273779797
100 _aDavid M Levine
100 _aDavid F Stephan
650 _aStatistics
005 20191017173654.0
260 _c2013
084 _aNONE
999 _c10578
_d10578